000 01366cam a22003137a 4500
003 CHAP
005 20220817043658.0
008 000605d1999 mx r 00110 spa d
010 _a81383
011 _a82355
035 _a92847
040 _cCHAP
082 0 4 _a631.531
_bM4o 1998-99
110 2 _aMéxico.
_bSecretaría de Agricultura, Ganadería y Desarrollo Rural
245 1 0 _aVariedades recomendadas de los principales cultivos con indicaciones para las épocas de siembra y cosecha ciclo otoño-invierno 1998-1999
_c/por Secretaría de Agricultura, Ganadería y Desarrollo Rural
260 _aMéxico, D.F. :
_bSecretaría de Agricultura, Ganadería y Desarrollo Rural,
_c1999.
300 _a128 p. :
_bcuadros
500 _ac. de : México. Dirección General de Política Agrícola
500 _acontinua como : Secretaría de Agricultura, Ganadería y Desarrollo Rural. Boletín de variedades recomendadas de los...
590 _aBATCH-UPD
_b10
_c20130110
_lUCH01
_h0944
590 _aCONVERSION
_b10
_c20130109
_lUCH01
_h1345
650 1 4 _aCultivos
_xVariedades.
_930332
650 1 4 _aFechas de cosecha.
_939903
650 1 4 _aFechas de siembra.
_939904
901 _aBK
942 _cLIBRO
949 _a631.531 M4o 1998-99
_bBC
_cC
_d33724000783148
_eC
_fc.2
_h94898
_i92847
_si
949 _a631.531 M4o 1998-99
_bBC
_cC
_d33724000783155
_eC
_h94897
_i92847
_st
999 _c81383
_d81383